| 000 | 00996nam a2200205Ia 4500 | ||
|---|---|---|---|
| 008 | 0000001999 sp a 0000000000mul00 | ||
| 090 | _aPSP00 B17s | ||
| 100 | 1 |
_aBarrera, Sergio _d1967 |
|
| 245 | 1 | 0 |
_aSergio Barrera _b: constelaciones (deseo y espejismo) _c/ textos Sergio Barrera, David Pérez ; traducción Tony Wentzel ;fotografías Mateo Gamón |
| 300 |
_a87 p. _c/ 28 cm. |
||
| 500 | _aExposición realizada en Galería Luis Adelantado de Valencia, España, en febrero y marzo de 1999 \ Incluye datos biográficos y cronología artística \ Texto en español e inglés \ Donación Galería Nueve Ochenta, Bogotá 2014 | ||
| 600 | 0 | 0 |
_a BARRERA, SERGIO, 1967/ _xTRABAJOS PICTORICOS |
| 650 | 1 | 4 | _aARTE CONTEMPORANEO ESPAÑOL |
| 650 | 1 | 4 | _aARTISTAS PLASTICOS ESPAÑOLES EXPOSIONES |
| 650 | 1 | 4 | _xCATALOGOS |
| 650 | 1 | 4 | _xEXPOSICIONES |
| 650 | 1 | 4 | _aPINTORES ESPAÑOLES |
| 650 | 1 | 4 | _aPINTURA ESPAÑOLA |
| 999 |
_c15429 _d15429 |
||
| 260 |
_aValencia (España) : Galería Luis Adelantado _c1999 |
||